Vista normal Vista MARC

Entrada Materia (personas)

Número de registros utilizados en: 1

001 - CONTROL NUMBER

  • control field: 162684

003 - CONTROL NUMBER IDENTIFIER

  • control field: Co-BoUCM

005 - DATE AND TIME OF LATEST TRANSACTION

  • control field: 20211111073933.0

008 - FIXED-LENGTH DATA ELEMENTS

  • fixed length control field: 211111|| aca||aabn | a|a d

040 ## - CATALOGING SOURCE

  • Original cataloging agency: Co-BoUCM
  • Transcribing agency: Co-BoUCM

100 ## - HEADING--PERSONAL NAME

  • Personal name: Arriola Navarrete, Oscar

670 ## - SOURCE DATA FOUND

  • Source citation: Work cat.: (Co-BoUCM)49314: Arriola Navarrete, Oscar, Evaluación de bibliotecas un modelo desde la óptica de los sistemas de gestion de calidad, 2006